[Event "Frauenbundesliga 2016/2017"]
[Site "Wien / St. Veit / Jenbach"]
[Date "2017.03.24"]
[Round "3"]
[Board "2"]
[White "Horvath, Reka"]
[Black "Kremer, Nadine"]
[Result "1-0"]
[WhiteElo "2052"]
[BlackElo "1823"]
[PlyCount "87"]
[EventDate "2017.01.14"]
[EventType "team"]
[EventRounds "7"]
[EventCountry "AUT"]
[WhiteTeam "Spg. Feldbach-Kirchberg"]
[BlackTeam "tschaturanga"]

1. e4 Nf6 2. e5 Nd5 3. d4 d6 4. Nf3 g6 5. Bc4 c6 6. a4 Bg7 7. O-O O-O 8. Re1
Bg4 9. h3 Bxf3 10. Qxf3 e6 11. exd6 Qxd6 12. Nd2 Nd7 13. Bb3 Bxd4 14. Ne4 Qc7
15. c4 Ne7 16. Bf4 Qa5 17. Red1 Ne5 18. Nf6+ Kg7 19. Qe4 Nf3+ 20. Qxf3 Bxf6 21.
Rd7 Nf5 22. g4 Nh4 23. Bh6+ Kxh6 24. Qxf6 Qg5 25. Qc3 Qf4 26. Rd3 Rad8 27. Rad1
Rxd3 28. Rxd3 Qe4 29. Rg3 e5 30. g5+ Kg7 31. Rg4 Nf3+ 32. Kg2 Ne1+ 33. Kf1 Qh1+
34. Rg1 Qf3 35. Kxe1 Qe4+ 36. Kf1 Rd8 37. Bc2 Qf4 38. Rg4 Qc1+ 39. Kg2 Rd2 40.
Qxe5+ Kg8 41. Qe8+ Kg7 42. Rf4 Rd7 43. Qe5+ Kg8 44. Bxg6 1-0

[Event "Frauenbundesliga 2016/2017"]
[Site "Wien / St. Veit / Jenbach"]
[Date "2017.03.24"]
[Round "3"]
[Board "3"]
[White "Cespedes Alba, Gladis Sandra"]
[Black "Horvath, Orsolya"]
[Result "1-0"]
[WhiteElo "1814"]
[BlackElo "1867"]
[PlyCount "45"]
[EventDate "2017.01.14"]
[EventType "team"]
[EventRounds "7"]
[EventCountry "AUT"]
[WhiteTeam "tschaturanga"]
[BlackTeam "Spg. Feldbach-Kirchberg"]

1. e4 c5 2. Nf3 d6 3. Nc3 Nf6 4. Bc4 e6 5. O-O Be7 6. d4 cxd4 7. Nxd4 Nc6 8.
Bb3 a6 9. Re1 O-O 10. Nxc6 bxc6 11. Bf4 d5 12. exd5 cxd5 13. Qf3 Re8 14. Rad1
e5 15. Nxd5 Bg4 16. Nxf6+ Bxf6 17. Qxg4 Qa5 18. Bd2 Qc7 19. Bg5 Qb6 20. Bxf6
Qxf6 21. Rd7 Re7 22. Red1 Rae8 23. R1d6 1-0

[Event "Frauenbundesliga 2016/2017"]
[Site "Wien / St. Veit / Jenbach"]
[Date "2017.03.24"]
[Round "3"]
[Board "4"]
[White "Hadler, Hannah"]
[Black "Steiner, Magdalena"]
[Result "0-1"]
[WhiteElo "1530"]
[BlackElo "1728"]
[PlyCount "76"]
[EventDate "2017.01.14"]
[EventType "team"]
[EventRounds "7"]
[EventCountry "AUT"]
[WhiteTeam "Spg. Feldbach-Kirchberg"]
[BlackTeam "tschaturanga"]

1. e4 d6 2. Nc3 Nf6 3. Bc4 g6 4. d3 Bg7 5. Nf3 O-O 6. h3 c6 7. O-O Nbd7 8. Bf4
Nh5 9. Bg3 b5 10. Bb3 Nb6 11. a3 Bd7 12. Qe2 a5 13. Ba2 b4 14. axb4 axb4 15.
Nd1 Be6 16. c4 b3 17. Nc3 bxa2 18. Nxa2 Na4 19. Nb4 Qb6 20. Nc2 Nxg3 21. Qe1
Nxf1 22. Qxf1 Qxb2 23. Rc1 Nc3 24. Kh2 Ra2 25. Ne3 Qxf2 26. Qxf2 Rxf2 27. Rc2
Rxc2 28. Nxc2 c5 29. Ng5 Ra8 30. Nxe6 fxe6 31. Ne3 Be5+ 32. g3 Ra2+ 33. Ng2 Nd1
34. Kg1 Bxg3 35. Kf1 Rf2+ 36. Kg1 Nc3 37. Ne3 Ne2+ 38. Kh1 Rh2# 0-1

[Event "Frauenbundesliga 2016/2017"]
[Site "Wien / St. Veit / Jenbach"]
[Date "2017.03.24"]
[Round "3"]
[Board "1"]
[White "Mar, Karmen"]
[Black "Hiebler, Laura"]
[Result "0-1"]
[WhiteElo "2087"]
[BlackElo "2029"]
[PlyCount "90"]
[EventDate "2017.01.14"]
[EventType "team"]
[EventRounds "7"]
[EventCountry "AUT"]
[WhiteTeam "SC Extraherb WS"]
[BlackTeam "SV OEkothek St. Veit/Glan"]

1. e4 e6 2. Nc3 d5 3. Nf3 Nf6 4. e5 Nfd7 5. d4 c5 6. dxc5 Bxc5 7. Bd3 h6 8. O-O
O-O 9. Bf4 b6 10. Qd2 Ba6 11. Nb5 Nc6 12. Rfe1 Nb4 13. Bf1 Bxb5 14. Bxb5 a6 15.
c3 Nc2 16. Qxc2 axb5 17. b4 Be7 18. Qd3 Ra3 19. Bc1 Ra7 20. Qxb5 Qc7 21. Qd3
Rc8 22. Bb2 Qb8 23. a3 Rc4 24. Nd2 Rc6 25. c4 dxc4 26. Nxc4 Qc7 27. Rac1 Bg5
28. Rc2 Ra8 29. Rd1 Rc8 30. Qxd7 Rd8 31. Qxd8+ Bxd8 32. h3 Bg5 33. Rd4 b5 34.
f4 Bh4 35. g3 Bxg3 36. Rg2 Rxc4 37. Rxg3 Rxd4 38. Bxd4 Qc1+ 39. Kg2 Qxf4 40.
Bc3 Qc1 41. h4 Qxa3 42. Kh3 Qc1 43. Kh2 Qf4 44. Kh3 Kh7 45. Rg4 Qf5 0-1

[Event "Frauenbundesliga 2016/2017"]
[Site "Wien / St. Veit / Jenbach"]
[Date "2017.03.24"]
[Round "3"]
[Board "2"]
[White "Kejzar, Petra"]
[Black "Zechner, Andrea"]
[Result "1-0"]
[WhiteElo "1991"]
[BlackElo "1867"]
[PlyCount "71"]
[EventDate "2017.01.14"]
[EventType "team"]
[EventRounds "7"]
[EventCountry "AUT"]
[WhiteTeam "SV OEkothek St. Veit/Glan"]
[BlackTeam "SC Extraherb WS"]

1. e4 c6 2. d4 d5 3. Nc3 dxe4 4. Nxe4 Bf5 5. Ng3 Bg6 6. Nh3 h6 7. Nf4 Bh7 8.
Bc4 Nf6 9. c3 b5 10. Bb3 a5 11. a4 Nbd7 12. O-O Nb6 13. axb5 cxb5 14. Qe2 Qd7
15. Re1 a4 16. Ba2 Nbd5 17. Nxd5 Nxd5 18. Qf3 Rd8 19. Re5 Nf6 20. Bxh6 e6 21.
Rae1 Bg8 22. Bg5 Be7 23. d5 Kf8 24. dxe6 fxe6 25. Bxe6 Bxe6 26. Rxe6 Qd5 27.
Qxd5 Rxd5 28. Rxe7 Rxg5 29. Rb7 Rh4 30. Nf1 Rc4 31. Nd2 Rc6 32. Nf3 Rd5 33. Nd4
Rcd6 34. f3 Rd7 35. Rb8+ Rd8 36. Ne6+ 1-0

[Event "Frauenbundesliga 2016/2017"]
[Site "Wien / St. Veit / Jenbach"]
[Date "2017.03.24"]
[Round "3"]
[Board "3"]
[White "Majkovski, Sarah"]
[Black "Krassnitzer, Maria"]
[Result "1-0"]
[WhiteElo "1631"]
[BlackElo "1601"]
[PlyCount "47"]
[EventDate "2017.01.14"]
[EventType "team"]
[EventRounds "7"]
[EventCountry "AUT"]
[WhiteTeam "SC Extraherb WS"]
[BlackTeam "SV OEkothek St. Veit/Glan"]

1. e4 d5 2. exd5 Qxd5 3. Nc3 Qa5 4. d4 Nf6 5. Nf3 Bg4 6. h3 Bh5 7. Bd2 c6 8. g4
Bg6 9. Ne5 Nbd7 10. f4 h6 11. Nxg6 fxg6 12. Bd3 O-O-O 13. Bxg6 Qb6 14. Qe2 Qxd4
15. O-O-O Qb6 16. Qe6 Kb8 17. Be3 Qa5 18. g5 hxg5 19. fxg5 Nh7 20. Rxd7 Rxd7
21. Qxd7 e5 22. Rd1 Bb4 23. Bxh7 Rxh7 24. Qe8+ 1-0

[Event "Frauenbundesliga 2016/2017"]
[Site "Wien / St. Veit / Jenbach"]
[Date "2017.03.24"]
[Round "3"]
[Board "4"]
[White "Kogler, Alexandra"]
[Black "Mattersberger, Melanie"]
[Result "1-0"]
[WhiteElo "1470"]
[BlackElo "1644"]
[PlyCount "65"]
[EventDate "2017.01.14"]
[EventType "team"]
[EventRounds "7"]
[EventCountry "AUT"]
[WhiteTeam "SV OEkothek St. Veit/Glan"]
[BlackTeam "SC Extraherb WS"]

1. e4 c5 2. Nf3 e6 3. c3 d5 4. exd5 exd5 5. d4 Nf6 6. h3 Nc6 7. Bb5 Bd7 8. Bxc6
Bxc6 9. O-O Bd6 10. Re1+ Ne4 11. Nbd2 O-O 12. Nxe4 dxe4 13. Ng5 Re8 14. Qh5 h6
15. Nxf7 Bh2+ 16. Kxh2 Qc7+ 17. Ne5 cxd4 18. cxd4 Qa5 19. Be3 Re7 20. Qd1 Qc7
21. Kg1 Be8 22. Bf4 Qb6 23. Nc4 Qf6 24. Be5 Qg6 25. Nd6 Bc6 26. Qe2 Rd8 27.
Nxe4 Rxd4 28. Bxd4 Rxe4 29. Qc4+ Kh8 30. Rxe4 Bxe4 31. Qf1 Bd3 32. Qd1 Be4 33.
Qg4 1-0

[Event "Frauenbundesliga 2016/2017"]
[Site "Wien / St. Veit / Jenbach"]
[Date "2017.03.25"]
[Round "4"]
[Board "1"]
[White "Theissl-Pokorna, Regina"]
[Black "Landl, Margot"]
[Result "1-0"]
[WhiteElo "2335"]
[BlackElo "1915"]
[PlyCount "85"]
[EventDate "2017.01.14"]
[EventType "team"]
[EventRounds "7"]
[EventCountry "AUT"]
[WhiteTeam "ASVOE Pamhagen"]
[BlackTeam "tschaturanga"]

1. e4 e5 2. Nf3 Nc6 3. Bc4 Bc5 4. c3 Nf6 5. d3 O-O 6. Nbd2 d5 7. exd5 Nxd5 8.
Ne4 Be7 9. O-O Bg4 10. h3 Bh5 11. Re1 Nb6 12. Bb3 Bg6 13. a4 a5 14. Qe2 Re8 15.
Bd2 Qd7 16. Rad1 Rad8 17. Bc1 Kh8 18. Neg5 Bf6 19. Nh4 Bxg5 20. Nxg6+ hxg6 21.
Bxg5 f6 22. Bc1 Nd5 23. Qe4 Nce7 24. Qh4+ Kg8 25. d4 exd4 26. Qxd4 Qf5 27. Re2
Qh5 28. Rde1 Kh7 29. Qg4 Qxg4 30. hxg4 Rd7 31. Bxd5 Rxd5 32. Rxe7 Rxe7 33. Rxe7
Rd1+ 34. Kh2 Rxc1 35. Rxc7 Rc2 36. Rxb7 Rxf2 37. b4 Ra2 38. Ra7 Ra3 39. Rxa5
Rxc3 40. Rb5 Rc4 41. a5 f5 42. gxf5 gxf5 43. a6 1-0

[Event "Frauenbundesliga 2016/2017"]
[Site "Wien / St. Veit / Jenbach"]
[Date "2017.03.25"]
[Round "4"]
[Board "3"]
[White "Horvath, Maria"]
[Black "Steiner, Magdalena"]
[Result "1-0"]
[WhiteElo "1983"]
[BlackElo "1728"]
[PlyCount "79"]
[EventDate "2017.01.14"]
[EventType "team"]
[EventRounds "7"]
[EventCountry "AUT"]
[WhiteTeam "ASVOE Pamhagen"]
[BlackTeam "tschaturanga"]

1. d4 Nf6 2. c4 g6 3. Nc3 Bg7 4. e4 d6 5. Nf3 O-O 6. Be2 e5 7. O-O Nc6 8. d5
Ne7 9. Ne1 Nd7 10. Nd3 f5 11. f3 f4 12. Bd2 g5 13. a4 a5 14. Nb5 h5 15. h3 Rf6
16. Qc2 Rg6 17. c5 Nf6 18. cxd6 cxd6 19. Qc7 Qxc7 20. Nxc7 Rb8 21. Bxa5 g4 22.
hxg4 hxg4 23. Rfc1 gxf3 24. Bxf3 Bg4 25. Kf2 Bxf3 26. gxf3 Rg3 27. Ra3 Rh3 28.
Rg1 Nh5 29. Ne6 Rc8 30. Rc3 Ng3 31. Bc7 Nxd5 32. exd5 e4 33. Nxg7 Rh2+ 34. Ke1
Re2+ 35. Kd1 e3 36. Ne6 Rd2+ 37. Kc1 Kh8 38. Ndxf4 Ne2+ 39. Nxe2 Rxe2 40. Bxd6
 1-0

[Event "Frauenbundesliga 2016/2017"]
[Site "Wien / St. Veit / Jenbach"]
[Date "2017.03.25"]
[Round "4"]
[Board "4"]
[White "Zakirova, Yana"]
[Black "Kosc, Renata"]
[Result "0-1"]
[WhiteElo "1624"]
[BlackElo "1996"]
[PlyCount "62"]
[EventDate "2017.01.14"]
[EventType "team"]
[EventRounds "7"]
[EventCountry "AUT"]
[WhiteTeam "tschaturanga"]
[BlackTeam "ASVOE Pamhagen"]

1. b4 e6 2. Bb2 Nf6 3. b5 d5 4. e3 c5 5. c4 dxc4 6. Bxc4 Nbd7 7. Nf3 Nb6 8. Be2
Be7 9. O-O O-O 10. d4 Nbd5 11. Nbd2 Nd7 12. Rc1 b6 13. Ne4 f5 14. Ng3 Bb7 15.
Qb3 N7f6 16. Rfd1 a5 17. a4 Rc8 18. Bd3 g6 19. Ng5 Qd7 20. e4 Nxe4 21. N5xe4
fxe4 22. Nxe4 Nf4 23. Bb1 Ne2+ 24. Kf1 Nxc1 25. Rxc1 cxd4 26. Rd1 Bd5 27. Qh3
Bc4+ 28. Kg1 Bc5 29. Ng5 Rcd8 30. Re1 d3 31. Nxe6 Bxf2+ 0-1

[Event "Frauenbundesliga 2016/2017"]
[Site "Wien / St. Veit / Jenbach"]
[Date "2017.03.25"]
[Round "4"]
[Board "1"]
[White "Novkovic, Julia"]
[Black "Schnegg, Anna-Lena"]
[Result "1/2-1/2"]
[WhiteElo "2162"]
[BlackElo "2120"]
[PlyCount "100"]
[EventDate "2017.01.14"]
[EventType "team"]
[EventRounds "7"]
[EventCountry "AUT"]
[WhiteTeam "SK Dornbirn"]
[BlackTeam "Mayrhofen/SK Zell/Zillertal"]

1. e4 e5 2. Nf3 Nc6 3. Bc4 Bc5 4. c3 Nf6 5. d3 a6 6. Bb3 Ba7 7. h3 O-O 8. Bg5
d6 9. Nbd2 Be6 10. Nh2 h6 11. Bh4 g5 12. Bg3 Qd7 13. Qe2 Kg7 14. O-O-O b5 15.
h4 g4 16. Bxe6 Qxe6 17. Kb1 b4 18. c4 Nd4 19. Qe1 b3 20. Nxb3 Nxb3 21. axb3
Rfb8 22. f3 a5 23. Bf2 Rxb3 24. Bxa7 Rxa7 25. Nxg4 Nxg4 26. fxg4 a4 27. Rf1 a3
28. Rd2 c5 29. g5 hxg5 30. Rf5 Rab7 31. Qg3 Rxb2+ 32. Rxb2 Rxb2+ 33. Ka1 Kf8
34. Qxg5 Qc8 35. Qh6+ Ke7 36. Qf6+ Kd7 37. Qxf7+ Kc6 38. Qd5+ Kb6 39. Qxd6+ Ka5
40. Rxe5 Kb4 41. Qb6+ Kc3 42. Qa5+ Kc2 43. Qa4+ Kc3 44. Qxa3+ Rb3 45. Qc1+ Kb4
46. Qd2+ Rc3 47. Kb2 Qb8 48. Qxc3+ Ka4+ 49. Kc1 Qb1+ 50. Kd2 Qe1+ 1/2-1/2

[Event "Frauenbundesliga 2016/2017"]
[Site "Wien / St. Veit / Jenbach"]
[Date "2017.03.25"]
[Round "4"]
[Board "2"]
[White "Wu, Min"]
[Black "Froewis, Annika"]
[Result "0-1"]
[WhiteElo "1907"]
[BlackElo "2087"]
[PlyCount "112"]
[EventDate "2017.01.14"]
[EventType "team"]
[EventRounds "7"]
[EventCountry "AUT"]
[WhiteTeam "Mayrhofen/SK Zell/Zillertal"]
[BlackTeam "SK Dornbirn"]

1. e4 e5 2. Nf3 Nc6 3. d4 exd4 4. Nxd4 Nf6 5. Nxc6 bxc6 6. e5 Qe7 7. Qe2 Nd5 8.
Nd2 g6 9. Ne4 Bg7 10. c4 Ba6 11. Bg5 Qb4+ 12. Qd2 Bxe5 13. Qxb4 Nxb4 14. O-O-O
Bc8 15. Nf6+ Kf8 16. Bh6+ Ke7 17. Ng4 f6 18. Nxe5 fxe5 19. a3 Na6 20. Bg7 Re8
21. Bxe5 d6 22. Bc3 Rf8 23. Bd4 c5 24. Be3 Bf5 25. Bd3 Bxd3 26. Rxd3 Kd7 27.
Rd5 Kc6 28. h4 Nb8 29. h5 Nd7 30. Rd2 Ne5 31. b3 a5 32. hxg6 hxg6 33. Rh4 Rab8
34. Rb2 Nd3+ 35. Kc2 Nxb2 36. Kxb2 a4 37. b4 cxb4 38. axb4 Rxb4+ 39. Ka3 Rb3+
40. Ka2 Rfb8 41. c5 Rb2+ 42. Ka3 R8b3+ 43. Kxa4 Rb8 44. Ka3 R2b3+ 45. Ka2 R3b4
46. Rxb4 Rxb4 47. cxd6 cxd6 48. Ka3 Rb7 49. g4 Kd5 50. Bf4 Kc5 51. Bd2 Kd4 52.
Ka2 Kd3 53. Bg5 d5 54. Bf6 Ke4 55. g5 d4 56. Ka3 d3 0-1

[Event "Frauenbundesliga 2016/2017"]
[Site "Wien / St. Veit / Jenbach"]
[Date "2017.03.25"]
[Round "4"]
[Board "3"]
[White "Kurapova, Olga"]
[Black "Konecny, Sophie"]
[Result "1/2-1/2"]
[WhiteElo "1950"]
[BlackElo "1820"]
[PlyCount "81"]
[EventDate "2017.01.14"]
[EventType "team"]
[EventRounds "7"]
[EventCountry "AUT"]
[WhiteTeam "SK Dornbirn"]
[BlackTeam "Mayrhofen/SK Zell/Zillertal"]

1. d4 Nf6 2. c4 e6 3. Nc3 Bb4 4. Qc2 d5 5. a3 Bxc3+ 6. Qxc3 Ne4 7. Qc2 c5 8.
dxc5 Nc6 9. e3 Qa5+ 10. Bd2 Qxc5 11. Rc1 Nxd2 12. b4 Qe7 13. Qxd2 dxc4 14. Bxc4
Qg5 15. f4 Qh4+ 16. g3 Qf6 17. Nf3 O-O 18. b5 Rd8 19. Qe2 Na5 20. Ba2 Bd7 21.
Ne5 Be8 22. O-O Rac8 23. a4 Qe7 24. Qe1 b6 25. Rc3 f6 26. Nf3 Bf7 27. Qc1 Qd7
28. Nd4 Rxc3 29. Qxc3 Rc8 30. Qb4 Rc5 31. Qb1 Nc4 32. Re1 Na5 33. Qe4 e5 34.
Bxf7+ Kxf7 35. Nf3 exf4 36. exf4 g6 37. Qb1 Qd5 38. Qe4 Qd7 39. Qb1 Qd5 40. Qe4
Qd7 41. Qb1 1/2-1/2

[Event "Frauenbundesliga 2016/2017"]
[Site "Wien / St. Veit / Jenbach"]
[Date "2017.03.25"]
[Round "4"]
[Board "4"]
[White "Roeck, Vanessa"]
[Black "Pilsan, Martha"]
[Result "1-0"]
[WhiteElo "1627"]
[BlackElo "1651"]
[PlyCount "79"]
[EventDate "2017.01.14"]
[EventType "team"]
[EventRounds "7"]
[EventCountry "AUT"]
[WhiteTeam "Mayrhofen/SK Zell/Zillertal"]
[BlackTeam "SK Dornbirn"]

1. e4 e5 2. Nf3 Nc6 3. d4 exd4 4. Nxd4 Bc5 5. Nb3 Bb6 6. Nc3 Qe7 7. Qe2 Nf6 8.
f3 a6 9. Be3 Bxe3 10. Qxe3 O-O 11. O-O-O Rd8 12. Qf2 d6 13. Kb1 Ne5 14. h3 c6
15. f4 Ned7 16. Bd3 Nf8 17. g4 Be6 18. Nd4 c5 19. Nf5 Qc7 20. g5 Nh5 21. Qh4
Bxf5 22. exf5 g6 23. f6 Ne6 24. f5 Nd4 25. fxg6 hxg6 26. Nd5 Nf3 27. Nxc7 Nxh4
28. Nxa8 Rxa8 29. Be4 Rb8 30. Rhg1 b5 31. c3 Nf5 32. Bxf5 gxf5 33. Rxd6 Nf4 34.
h4 Kh7 35. Rf1 Ng6 36. Rxf5 Nxh4 37. Rxc5 a5 38. Rdd5 b4 39. cxb4 axb4 40. Rb5
 1-0

[Event "Frauenbundesliga 2016/2017"]
[Site "Wien / St. Veit / Jenbach"]
[Date "2017.03.25"]
[Round "4"]
[Board "1"]
[White "Richterova, Natasa"]
[Black "Wunderl, Eva"]
[Result "1-0"]
[WhiteElo "2210"]
[BlackElo "1880"]
[PlyCount "149"]
[EventDate "2017.01.14"]
[EventType "team"]
[EventRounds "7"]
[EventCountry "AUT"]
[WhiteTeam "Spg. Steyr"]
[BlackTeam "Schach ohne Grenzen"]

1. e4 e5 2. Nf3 Nc6 3. Bc4 Bc5 4. c3 Nf6 5. d3 a6 6. Bb3 Ba7 7. O-O d6 8. Nbd2
O-O 9. Re1 Re8 10. Nf1 h6 11. Be3 d5 12. Bxa7 Rxa7 13. exd5 Nxd5 14. d4 e4 15.
Ne5 Nxe5 16. dxe5 Be6 17. Rxe4 c5 18. Qf3 b5 19. Rd1 Rd7 20. Ree1 Nc7 21. Bxe6
Nxe6 22. Rxd7 Qxd7 23. Qe3 Rd8 24. f4 Qd5 25. f5 Ng5 26. a3 Re8 27. Ng3 Qb3 28.
Qe2 a5 29. h4 Nh7 30. Nh5 Qa4 31. g3 Nf8 32. b4 Re7 33. Qg4 g6 34. fxg6 Nxg6
35. Qc8+ Nf8 36. Qxc5 Re6 37. Nf4 Ra6 38. Qc8 axb4 39. axb4 Ra8 40. Qg4+ Kh8
41. e6 Qa7+ 42. Kg2 Qb7+ 43. Kh3 Re8 44. exf7 Qxf7 45. Rxe8 Qxe8 46. Qf5 Kg8
47. Nh5 Qc6 48. Nf6+ Kg7 49. Ne4 Nd7 50. h5 Nb6 51. Qe5+ Kg8 52. Kh2 Nc4 53.
Qf5 Kg7 54. Nc5 Qe8 55. Qg4+ Kh8 56. Ne6 Qf7 57. Qd4+ Kh7 58. Nf4 Qf5 59. Qd3
Qxd3 60. Nxd3 Ne3 61. Nc5 Kg8 62. Ne4 Nd5 63. g4 Kg7 64. Kg3 Kf8 65. g5 hxg5
66. Kg4 Kg7 67. Kxg5 Nc7 68. Nd6 Ne6+ 69. Kf5 Nc7 70. Ke5 Kh6 71. Kd4 Kxh5 72.
Kc5 Kg4 73. Nxb5 Ne6+ 74. Kd6 Nf4 75. Nd4 1-0

[Event "Frauenbundesliga 2016/2017"]
[Site "Wien / St. Veit / Jenbach"]
[Date "2017.03.25"]
[Round "4"]
[Board "2"]
[White "Roos, Karin"]
[Black "Saler-Grafenberger, Elisabeth"]
[Result "0-1"]
[WhiteElo "1820"]
[BlackElo "1918"]
[PlyCount "84"]
[EventDate "2017.01.14"]
[EventType "team"]
[EventRounds "7"]
[EventCountry "AUT"]
[WhiteTeam "Schach ohne Grenzen"]
[BlackTeam "Spg. Steyr"]

1. e4 d6 2. Nf3 Nf6 3. Nc3 e5 4. d4 Nbd7 5. Bc4 Be7 6. O-O O-O 7. Re1 c6 8. Bb3
Qc7 9. Qd3 h6 10. Nh4 exd4 11. Qxd4 Nc5 12. Ng6 Nxb3 13. Nxe7+ Qxe7 14. axb3
Qe5 15. Be3 Re8 16. Qxe5 dxe5 17. Bxa7 b5 18. b4 Be6 19. f3 Nd7 20. Be3 f5 21.
exf5 Bxf5 22. Ne4 Bxe4 23. fxe4 Nf6 24. Rxa8 Rxa8 25. Bd2 Kf7 26. h3 Ke6 27.
Kf2 Ne8 28. Kf3 Nd6 29. Bc3 Rf8+ 30. Ke2 Nxe4 31. Kd3 Nxc3 32. bxc3 Rf2 33. Re2
Rxe2 34. Kxe2 Kd5 35. Kd3 e4+ 36. Ke3 g5 37. g3 h5 38. h4 gxh4 39. gxh4 Ke5 40.
Ke2 Kf4 41. Kf2 e3+ 42. Ke2 Ke4 0-1

[Event "Frauenbundesliga 2016/2017"]
[Site "Wien / St. Veit / Jenbach"]
[Date "2017.03.25"]
[Round "4"]
[Board "3"]
[White "Molnar, Monika"]
[Black "Kimpel, Janine"]
[Result "0-1"]
[WhiteElo "1823"]
[BlackElo "1969"]
[PlyCount "104"]
[EventDate "2017.01.14"]
[EventType "team"]
[EventRounds "7"]
[EventCountry "AUT"]
[WhiteTeam "Spg. Steyr"]
[BlackTeam "Schach ohne Grenzen"]

1. e4 Nf6 2. Nc3 d5 3. e5 Nfd7 4. d4 e6 5. Nf3 Be7 6. Bd3 O-O 7. Ne2 c5 8. c3
Nc6 9. O-O f6 10. Nf4 Nb6 11. exf6 Rxf6 12. dxc5 Bxc5 13. Bxh7+ Kxh7 14. Ng5+
Kg8 15. Qh5 Rxf4 16. Qh7+ Kf8 17. Qh8+ Ke7 18. Qxg7+ Ke8 19. Bxf4 Qe7 20. Qg6+
Kd7 21. Rae1 Nd8 22. Re2 Bd6 23. Bg3 Nc4 24. Rfe1 Kc7 25. b3 Bxg3 26. hxg3 Nd6
27. f4 Nb5 28. f5 Qc5+ 29. Kh2 exf5 30. Re7+ Kb8 31. Qe8 Nc6 32. Rf7 Nd6 33.
Qf8 Ne4 34. Qg7 Qxc3 35. Qxc3 Nxc3 36. Re8 Ne4 37. Rff8 Nd6 38. Re6 Kc7 39. Re2
Rb8 40. Rc2 Bd7 41. Rf6 Rh8+ 42. Nh3 Ne4 43. Rg6 d4 44. Rc1 Kd8 45. Kg1 Ne5 46.
Rg7 Bc6 47. Nf4 d3 48. Ne6+ Kc8 49. Rd1 d2 50. Nd4 Nd3 51. Nf3 Ndf2 52. Rxd2
Rh1# 0-1

[Event "Frauenbundesliga 2016/2017"]
[Site "Wien / St. Veit / Jenbach"]
[Date "2017.03.25"]
[Round "4"]
[Board "4"]
[White "Moerwald, Magdalena"]
[Black "Nagy, Laura"]
[Result "1/2-1/2"]
[WhiteElo "1754"]
[BlackElo "1831"]
[PlyCount "197"]
[EventDate "2017.01.14"]
[EventType "team"]
[EventRounds "7"]
[EventCountry "AUT"]
[WhiteTeam "Schach ohne Grenzen"]
[BlackTeam "Spg. Steyr"]

1. e4 e5 2. Nf3 Nf6 3. Nc3 Nc6 4. d4 exd4 5. Nxd4 d6 6. Nxc6 bxc6 7. Bd3 Be7 8.
O-O O-O 9. Be3 d5 10. exd5 cxd5 11. Nb5 c5 12. c3 a6 13. Na3 Bb7 14. Nc2 Qd7
15. b4 Qc6 16. f3 Nd7 17. Re1 Bf6 18. Rb1 c4 19. Bf5 Bxc3 20. Nd4 Bxd4 21. Bxd4
Rfe8 22. Qc2 Nf8 23. Qc3 f6 24. Bc5 Ne6 25. Bxe6+ Rxe6 26. Rxe6 Qxe6 27. Re1
Qf5 28. Qe3 Bc6 29. h3 Re8 30. Qd2 Rxe1+ 31. Qxe1 Qe5 32. Qd1 h6 33. Qd4 Ba4
34. Qg4 Bb5 35. Bd4 Qe1+ 36. Kh2 Qxb4 37. Qe6+ Kh7 38. Qxd5 Qe1 39. Qf5+ Kh8
40. Qc8+ Qe8 41. Qxe8+ Bxe8 42. Kg3 Kh7 43. Kf4 Bd7 44. g4 g5+ 45. Ke3 Kg6 46.
f4 Bc6 47. fxg5 Kxg5 48. Kf2 f5 49. gxf5 Kxf5 50. Be3 h5 51. h4 c3 52. Ke1 Ke4
53. Bg5 Ba4 54. Ke2 Kd4 55. Be7 Kc4 56. Bf8 Bc2 57. Be7 a5 58. Bg5 Bb1 59. a3
Bc2 60. Bf4 Kb3 61. Bd6 Kb2 62. Be5 Bf5 63. Ke3 Kb3 64. Bd4 a4 65. Be5 Kxa3 66.
Bxc3 Ka2 67. Kd2 Kb1 68. Bb4 Be4 69. Bc5 Kb2 70. Bd4+ Kb3 71. Kc1 a3 72. Ba1
Kc4 73. Kd2 Kb3 74. Kc1 Bf3 75. Be5 Kc4 76. Ba1 Kd5 77. Kc2 Kc4 78. Kc1 Kb3 79.
Be5 a2 80. Ba1 Bd5 81. Be5 Kc4 82. Kd2 Be4 83. Bg7 Kd5 84. Ke3 Bb1 85. Bh8 Ke6
86. Kf4 Bc2 87. Bg7 Kf7 88. Bc3 Ke6 89. Bg7 Bd1 90. Bh8 Bg4 91. Bg7 Kd5 92. Ke3
Bf5 93. Bh8 Bg6 94. Bg7 Ke6 95. Kf4 Kd5 96. Ke3 Kc4 97. Kd2 Bf5 98. Bh8 Kd5 99.
Ke3 1/2-1/2

[Event "Frauenbundesliga 2016/2017"]
[Site "Wien / St. Veit / Jenbach"]
[Date "2017.03.25"]
[Round "4"]
[Board "1"]
[White "Rozman, Monika"]
[Black "Kopinits, Anna-Christina"]
[Result "1/2-1/2"]
[WhiteElo "2135"]
[BlackElo "2282"]
[PlyCount "130"]
[EventDate "2017.01.14"]
[EventType "team"]
[EventRounds "7"]
[EventCountry "AUT"]
[WhiteTeam "SV Chesshero Rapid Feffernitz"]
[BlackTeam "ASVOE Wulkaprodersdorf"]

1. e4 e5 2. Nf3 Nc6 3. Bb5 a6 4. Ba4 Nf6 5. O-O Be7 6. d3 d6 7. c3 O-O 8. Re1
b5 9. Bc2 Bb7 10. Nbd2 d5 11. Qe2 dxe4 12. dxe4 Bc5 13. Nb3 Bb6 14. Bg5 h6 15.
Rad1 Qe7 16. Be3 Rad8 17. Bxb6 cxb6 18. Nbd2 b4 19. Nc4 bxc3 20. bxc3 Qc5 21.
Rb1 b5 22. a4 bxc4 23. Rxb7 Na5 24. Rb4 Rd6 25. Nd2 Rc8 26. Reb1 g6 27. h3 Nh5
28. Rb8 Rxb8 29. Rxb8+ Kg7 30. Nf1 Nf4 31. Qg4 h5 32. Qc8 Qxc8 33. Rxc8 Ne2+
34. Kh2 Rc6 35. Rxc6 Nxc6 36. Ne3 Nxc3 37. Nxc4 Kf6 38. Nb6 Ke7 39. g3 Nb4 40.
Bb3 Nxe4 41. Kg2 Nd2 42. Bd1 a5 43. f3 Na2 44. Bc2 Nc3 45. Kf2 e4 46. fxe4
Ndxe4+ 47. Ke3 Nxg3 48. Nc4 Nd5+ 49. Kf2 Nf5 50. Nxa5 Nd4 51. Be4 Nb6 52. Nc6+
Nxc6 53. Bxc6 Nc4 54. Bb5 Nd6 55. Be2 Ne4+ 56. Ke1 h4 57. a5 Kd6 58. a6 Kc7 59.
a7 Kb7 60. Bf3 f5 61. Ke2 Kxa7 62. Bxe4 fxe4 63. Ke3 Kb6 64. Kxe4 Kc6 65. Ke5
Kd7 1/2-1/2

[Event "Frauenbundesliga 2016/2017"]
[Site "Wien / St. Veit / Jenbach"]
[Date "2017.03.25"]
[Round "4"]
[Board "2"]
[White "Newrkla, Katharina"]
[Black "Sommer, Hannah"]
[Result "1-0"]
[WhiteElo "2188"]
[BlackElo "1768"]
[PlyCount "95"]
[EventDate "2017.01.14"]
[EventType "team"]
[EventRounds "7"]
[EventCountry "AUT"]
[WhiteTeam "ASVOE Wulkaprodersdorf"]
[BlackTeam "SV Chesshero Rapid Feffernitz"]

1. e4 c6 2. d4 d5 3. exd5 cxd5 4. c4 dxc4 5. Bxc4 e6 6. Nc3 Nf6 7. Nf3 Be7 8.
O-O O-O 9. Bg5 Nbd7 10. a3 a6 11. Re1 Nb6 12. Bb3 Re8 13. Qd3 h6 14. Bd2 Nbd5
15. Bc2 Qc7 16. Ne5 b5 17. Nxd5 exd5 18. Rac1 Be6 19. Qg3 Qd6 20. Bxh6 Nh5 21.
Qd3 Nf6 22. Bg5 Ne4 23. Bxe7 Qxe7 24. f3 Nf6 25. g4 Kf8 26. Qd2 Ng8 27. Qf4 Qf6
28. Qg3 g5 29. Rf1 Qf4 30. Qxf4 gxf4 31. Nd3 Ne7 32. Nxf4 Rac8 33. Bb3 Nc6 34.
Rfd1 Red8 35. h4 Kg7 36. h5 Kf6 37. Kf2 Kg5 38. Kg3 Ne7 39. Nxe6+ fxe6 40. Rxc8
Rxc8 41. f4+ Kh6 42. Re1 Rc6 43. f5 Kg5 44. fxe6 Kf6 45. Re5 Rc1 46. g5+ Kg7
47. Bxd5 Nxd5 48. Rxd5 1-0

[Event "Frauenbundesliga 2016/2017"]
[Site "Wien / St. Veit / Jenbach"]
[Date "2017.03.25"]
[Round "4"]
[Board "3"]
[White "Zoehrer, Sarah"]
[Black "Boric, Elena"]
[Result "0-1"]
[WhiteElo "1717"]
[BlackElo "2204"]
[PlyCount "56"]
[EventDate "2017.01.14"]
[EventType "team"]
[EventRounds "7"]
[EventCountry "AUT"]
[WhiteTeam "SV Chesshero Rapid Feffernitz"]
[BlackTeam "ASVOE Wulkaprodersdorf"]

1. e4 e6 2. d4 d5 3. e5 c5 4. c3 Nc6 5. Nf3 Qb6 6. Bd3 Bd7 7. Bc2 O-O-O 8. a3
f6 9. b4 cxb4 10. cxb4 Kb8 11. Nc3 Ka8 12. Na4 Qc7 13. Bf4 Nxd4 14. Nxd4 fxe5
15. Bg3 Bxa4 16. Nxe6 Qc3+ 17. Kf1 Bxc2 18. Qe1 Qc4+ 19. Kg1 Rc8 20. Qxe5 Nf6
21. Nc7+ Rxc7 22. Qxc7 Qxc7 23. Bxc7 Be7 24. Re1 Bd8 25. Bxd8 Rxd8 26. Re7 d4
27. Re2 d3 28. Rd2 Ne4 0-1